Lean alapú logisztikai rendszerek elemzése és teljesítménymérése a Karzol-Trans Kft. disztribúciós rendszerében
| Szerző: | |
|---|---|
| További közreműködők: | |
| Dokumentumtípus: | Diplomadolgozat |
| Kulcsszavak: | anyagáramlási rendszerek anyagmozgatás beszerzési tevékenység ellátási lánc - ellátó hálózat lean alapelvek logisztikai rendszer |
| Online Access: | http://dolgozattar.uni-bge.hu/60267 |
MARC
| LEADER | 00000nta a2200000 i 4500 | ||
|---|---|---|---|
| 001 | dolg60267 | ||
| 005 | 20260409150222.0 | ||
| 008 | 260409suuuu hu om 000 hun d | ||
| 040 | |a BGE Dolgozattár Repozitórium |b hun | ||
| 041 | |a hu | ||
| 100 | 1 | |a Pátkai Laura | |
| 245 | 1 | 0 | |a Lean alapú logisztikai rendszerek elemzése és teljesítménymérése a Karzol-Trans Kft. disztribúciós rendszerében |c Pátkai Laura |h [elektronikus dokumentum] |
| 520 | 3 | |a A Karzol-Trans Kft. logisztikai folyamatait elemzem a lean módszerek, valamint a kanban, milk run és cross-docking segítségével.Kutatási módszereim közé tartozik: szekunder kutatásként szakirodalmi áttekintés, primer kutatásként megfigyelés, a lean eszközei, valamint mély interjú és SWOT-analízis, továbbá KPI-mutatók és teljesítményelemzés.Disszertációm során megállapítottam a Karzol-Trans Kft. hogyan alkalmazza a hatékonyság növeléséneklean módszereit, együttesen a kanban és automatizált rendszerekkel,bemutatom a milk run, körjáratokatvalamint a cross docking tevékenységet is, hogyan tudja a szállítási időket minimalizálni a vevői érték teremtése érdekében. | |
| 695 | |a anyagáramlási rendszerek | ||
| 695 | |a anyagmozgatás | ||
| 695 | |a beszerzési tevékenység | ||
| 695 | |a ellátási lánc - ellátó hálózat | ||
| 695 | |a lean alapelvek | ||
| 695 | |a logisztikai rendszer | ||
| 700 | 1 | |a Bányai Dr. Kornél |e ths | |
| 856 | 4 | 0 | |u http://dolgozattar.uni-bge.hu/60267/1/Patkai_Laura_JVC6H1_Lean_alapu_logisztikai.pdf |z Dokumentum-elérés |
| 856 | 4 | 0 | |u http://dolgozattar.uni-bge.hu/60267/2/SUZLET_C36424113010240.pdf |z Dokumentum-elérés |
| 856 | 4 | 0 | |u http://dolgozattar.uni-bge.hu/60267/3/Interju%CC%81%20ke%CC%81rde%CC%81sek.pdf |z Dokumentum-elérés |
| 856 | 4 | 0 | |u http://dolgozattar.uni-bge.hu/60267/4/Patkai_Laura_belso_biralat.pdf |z Dokumentum-elérés |
| 856 | 4 | 0 | |u http://dolgozattar.uni-bge.hu/60267/5/P%C3%A1tkai.Laura.k%C3%BCls%C5%91.biralat.SK.pdf |z Dokumentum-elérés |